000 00525nam a2200193Ia 4500
005 20230206104943.0
008 131103s9999 xx 000 0 und d
040 _aLoreto College
041 _aEnglish
082 _a808.2
_bCOR
245 _aTragedy Vision and Form
_cEdited by Robert W. Corrigan
260 _aNew York
_bChandler Publishing com.
300 _a474p.
504 _aIncludes bibliographycal ref.
650 _aEnglish Literature
700 _aCorrigan, Robert W; ed.
850 _aLCLIB
942 _cBK
999 _c20942
_d71421